Francisci Bencii E Societate Iesv Carminvm Libri Qvatvor Eivsdem Ergastvs Et Philotimvs, Dramata

Bibliographic Details
Main Author: Benci, Francesco, 1542-1594 (Author, Dedicator)
Corporate Author: Sartorius, David (Ingolstadt, Nemecko) (Printer)
Other Authors: Sartorius, David, 1529-1596 (Printer)
Format: Book
Language:Latin
PhysicalDescription:[10], 349 s. 17 cm
Published: Jngolstadii Excudebat David Sartorivs Anno Domini M.D.XCV. [1595]
Edition:Edito Secunda auctior

MARC

LEADER 00000cam a2200000 a 4500
001 vtls001514915
003 SK-MaSNL
005 20260302073826.0
008 240314s1595 gw a lat
015 |a SNBHFA1595 
035 |a C6AF30CA-781D-47CA-9F14-ADA8683559A8 
035 |a urn:nbn:sk:snk-amtfyj 
035 |a urn:nbn:sk:snk-am00cag5 
040 |a SNKHF  |b slo  |c SNK  |e AACR2 
041 |a lat 
044 |a gw  |c DE 
100 1 |a Benci, Francesco,  |d 1542-1594  |4 aut  |9 126639 
245 1 0 |a Francisci Bencii E Societate Iesv Carminvm Libri Qvatvor  |b Eivsdem Ergastvs Et Philotimvs, Dramata 
250 |a Edito Secunda auctior 
260 |a Jngolstadii  |b Excudebat David Sartorivs  |c Anno Domini M.D.XCV. [1595] 
300 |a [10], 349 s.  |c 17 cm 
500 |a Vinety, vlys, linky, iniciálky s ornamentálnym pozadím vo voľnom priestore na 4, 8 r., na titulnom liste znak jezuitov, kustódy 
501 |a Príväzok 1. k: BENCI, Francesco: Francisci Bencii... Orationes ﮟ Carmina. Ingolstadii : Excudebat David Sartorivs, Anno M.D.XCV. [1595].  |5 SNK ID 99529 
508 |a Ded.: Benci, Francesco; Sforza, Francesco 
510 4 |a VD 16 B/1669 
561 |a Z knižnice Antona Augustína Baníka.  |5 SNK ID 99529, prív. 1 
700 1 |a Sartorius, David,  |d 1529-1596  |4 prt  |9 172585 
700 1 |a Benci, Francesco,  |d 1542-1594  |4 dto  |9 126639 
700 1 |a Sforza, Francesco  |4 hnr  |9 651019 
710 0 |a Sartorius, David (Ingolstadt, Nemecko),  |d 1571-1596  |4 prt  |9 305339 
752 |a Nemecko  |d Ingolstadt 
852 |a snk  |b Baníkova knižnica  |p ID 99529, prív. 1 
958 |a ONDV 
999 |c 1162580  |d 1164510 
952 |t Bk 157, prív. 1  |a SNK  |b SNK  |c SNK_HF  |y PREZ  |7 0  |p 17A1129819  |o snkID 99529, prív. 1  |8 5  |0 0  |1 0  |4 0  |d 2005-04-05  |f 1  |l 0  |r 2005-04-05 00:00:00  |w 2026-02-24